000 00668nam a2200217 i 4500
001 134242
003 ES-MaACL
005 20260213164416.0
007 t|
008 070907s1947 sp ||||1| spa d
100 1 _aWassermann, Jakob,
_d1873-1934
_9116154
245 1 0 _aEtzel Andergast /
_cJakob Wassermann ; [traducción del alemán por Luis Landinez].
250 _a[1ª ed.].
260 _a[Barcelona] :
_bJosé Janés,
_c1947.
300 _a401 p. ;
_c20 cm.
490 1 _aescritores de ahora
700 1 _aLandínez, Luis.
_969957
830 0 _aLos escritores de ahora
_9182057
852 _aES-MaACL
_jF-5237
_bR.27138
999 _c134242
_d134242